| 000 | 00710nam a2200241 a 4500 | ||
|---|---|---|---|
| 001 | 13078 | ||
| 003 | BD-RjUL | ||
| 005 | 20211208235412.0 | ||
| 008 | 140130r19571952nyua 001 0 eng d | ||
| 035 | _a(BD-RjUL)13128 | ||
| 040 |
_aDLC _cCarP _dDLC _dBD-RjUL _beng |
||
| 041 | _aeng | ||
| 082 |
_a621.3 _bERE 1957 |
||
| 100 | 1 |
_aErickson, William H. _940745 |
|
| 245 | 0 | 0 |
_aElectrical engineering: _btheory and practice / _cWilliam H. Erickson, |
| 260 |
_aNew York ; _aLondon ; _bWiley, _cc1952 [printed 1957] |
||
| 300 |
_axi, 523 p. : _bill. ; _c23 cm. |
||
| 650 | 0 |
_aElectrical engineering. _940746 |
|
| 650 | 0 |
_aElectronics. _940747 |
|
| 942 |
_2ddc _cBK |
||
| 999 |
_c13078 _d13078 |
||